00885nam a2200241Ia 450000500170000000800390001702000150005604100080007110000340007924501080011325000220022130000850024365000380032865000430036665000320040970000340044126400340047533600270050933700330053633800280056904000350059708400110063220220316235719.0121119s2007 sp ao g 000 d spa a84767295290 aspa1 aRojas, Fernando ded1474-153813aLa Celestina, o, tragicomedia de Calixto y MelibeacFernando de Rojas ; ilustraciones, Francisco Solé aPrimera edición axxxiii, 332, 42 páginasbilustraciones y fotografías a blanco y negroc20 cm14aTeatro españolySiglo XVI2LEMB14aLiteratura españolaySiglo XVI2LEMB14aAmor en la literatura2LEMB1 aSolé, Franciscoeilustrador aBarcelonabVicens Vivesc2007 atextobtxt2rdacontent asin mediaciónbn2rdamedia avolumenbnc2rdacarrier aCO-BoRNBPbspaerdacCO-BoRNBP aT ROJ1